250 Famous Cities in South America on a Map - Statistics

General Stats
  • This quiz has been taken 389 times
  • The average score is 81 of 243
Answers on the Map
Answers color-coded by a green-red scale on the quiz's map according to % correct below.
 
Answer Stats
Country or Territory Mention Rate Population Answers % Correct
Brazil 69.55% 6747815 Rio de Janeiro
97%
Colombia 57.8% 7743955 Bogota
95%
Argentina 65.5% 2890151 Buenos Aires
95%
Peru 63.52% 8838102 Lima
95%
Ecuador 47.47% 1607734 Quito
95%
Chile 61.33% 5220161 Santiago
95%
Argentina 2.36% 252192 Santiago del Estero
95%
Bolivia 47.0% 816044 La Paz
94%
Brazil 63.35% 12325232 Sao Paulo
94%
Venezuela 52.44% 2087700 Caracas
93%
Colombia 30.57% 2533424 Medellin
92%
Paraguay 36.84% 521600 Asuncion
91%
Brazil 64.87% 3055149 Brasilia
91%
Uruguay 48.28% 1304687 Montevideo
91%
Brazil 34.58% 2219580 Manaus
88%
Suriname 28.1% 240924 Paramaribo
88%
Brazil 26.58% 1653461 Recife
88%
Argentina 28.08% 1310394 Cordoba
87%
Colombia 23.91% 2252616 Cali
86%
Guyana 28.66% 118369 Georgetown
86%
Ecuador 18.53% 2278691 Guayaquil
86%
Brazil 31.34% 2886698 Salvador
86%
Brazil 25.51% 1488252 Porto Alegre
85%
Bolivia 27.52% 295476 Sucre
85%
Colombia 13.7% 1274250 Barranquilla
83%
Brazil 23.77% 1499641 Belem
83%
Peru 19.43% 477300 Cusco
82%
Bolivia 23.09% 1722480 Santa Cruz de la Sierra
81%
Brazil 26.02% 2686612 Fortaleza
79%
Venezuela 16.97% 2262600 Maracaibo
78%
Argentina 18.68% 948312 Rosario
78%
French Guiana 17.0% 61268 Cayenne
75%
Brazil 20.33% 1948626 Curitiba
73%
Brazil 17.27% 890480 Natal
73%
Colombia 1.5% 552154 Bello
71%
Brazil 29.06% 2521564 Belo Horizonte
71%
Colombia 15.26% 1028736 Cartagena de Indias
70%
Chile 11.01% 315732 Valparaiso
70%
Peru 9.41% 1081900 Arequipa
69%
Argentina 11.65% 114893 Mendoza
68%
Brazil 17.21% 1108975 Sao Luis
66%
Venezuela 37.69% 1585500 Valencia
66%
Brazil 15.13% 1536097 Goiania
65%
Bolivia 7.88% 724126 Cochabamba
62%
Brazil 12.98% 1213792 Campinas
61%
Brazil 12.91% 508826 Florianopolis
60%
Falkland Islands 7.27% 2460 Stanley
55%
Argentina 11.19% 191075 La Plata
54%
Brazil 12.11% 433656 Santos
54%
Argentina 10.8% 56593 Ushuaia
54%
Chile 7.27% 238092 Concepcion
52%
Argentina 7.74% 518948 Salta
52%
Peru 6.74% 986800 Trujillo
52%
Brazil 11.63% 365855 Vitoria
52%
Chile 7.84% 425725 Antofagasta
51%
Brazil 8.58% 817511 Joao Pessoa
48%
Venezuela 2.84% 464700 Maracay
48%
Chile 8.4% 141984 Punta Arenas
46%
Argentina 23.85% 391164 Santa Fe
46%
Venezuela 15.12% 454200 Barcelona
45%
Peru 11.77% 422900 Iquitos
45%
Argentina 4.33% 548866 San Miguel de Tucuman
45%
Venezuela 5.91% 1089100 Barquisimeto
44%
Argentina 6.1% 546809 Mar del Plata
44%
Argentina 28.18% 109123 San Juan
44%
Colombia 3.9% 607428 Bucaramanga
43%
Brazil 8.23% 868075 Teresina
43%
Bolivia 4.69% 943558 El Alto
41%
Uruguay 2.56% 104011 Salto
41%
Paraguay 3.33% 304300 Ciudad del Este
40%
Brazil 10.37% 906092 Campo Grande
39%
Brazil 9.85% 1025360 Maceio
39%
Brazil 13.76% 283677 Santa Maria
39%
Brazil 7.42% 699097 Uberlandia
39%
Brazil 10.17% 618124 Cuiaba
36%
Colombia 3.38% 777106 Cucuta
35%
Bolivia 5.3% 220260 Potosi
35%
Brazil 7.76% 664908 Aracaju
34%
Argentina 1.92% 257970 San Salvador de Jujuy
33%
Brazil 8.75% 419652 Boa Vista
32%
Brazil 8.2% 539354 Porto Velho
32%
Chile 4.76% 247552 Arica
31%
Ecuador 4.93% 329928 Cuenca
31%
Chile 4.46% 269398 Puerto Montt
31%
Venezuela 3.86% 425000 Ciudad Bolivar
30%
Brazil 7.96% 1392121 Guarulhos
30%
Brazil 9.51% 512902 Macapa
30%
Argentina 5.19% 169947 San Luis
30%
Colombia 3.69% 538612 Santa Marta
30%
Chile 4.05% 361371 Vina del Mar
30%
Argentina 4.99% 274082 Bahia Blanca
29%
Venezuela 4.09% 893400 Ciudad Guayana
29%
Brazil 6.13% 597658 Joinville
29%
Brazil 6.74% 575377 Londrina
29%
Argentina 3.07% 231198 Neuquen
29%
Chile 4.19% 223463 Iquique
28%
Brazil 9.39% 413418 Rio Branco
27%
Peru 2.3% 310600 Ica
26%
Brazil 7.16% 306296 Palmas
26%
Peru 1.64% 137800 Puno
26%
Brazil 4.28% 361855 Blumenau
25%
Venezuela 4.79% 289800 Merida
25%
Bolivia 2.42% 302643 Oruro
25%
Argentina 5.19% 247139 Parana
25%
Peru 2.6% 522400 Piura
25%
Argentina 3.86% 107788 San Carlos de Bariloche
25%
Peru 2.58% 651100 Chiclayo
23%
Brazil 4.81% 924624 Duque de Caxias
23%
Brazil 5.56% 258248 Foz do Iguacu
23%
Brazil 3.68% 354317 Petrolina
23%
Argentina 3.6% 66475 Rio Grande
23%
Brazil 9.93% 211965 Rio Grande
23%
Colombia 1.87% 57433 San Andres
23%
Brazil 5.53% 306480 Santarem
23%
Brazil 4.69% 250181 Sao Jose
23%
Brazil 4.74% 729737 Sao Jose dos Campos
23%
Peru 2.9% 321700 Tacna
23%
Brazil 3.3% 411807 Campina Grande
22%
Argentina 3.4% 346334 Corrientes
22%
Argentina 3.33% 222226 Formosa
22%
Peru 1.76% 441400 Huancayo
22%
Brazil 3.98% 306678 Petropolis
22%
Brazil 3.92% 337092 Uberaba
22%
Chile 2.91% 176774 Valdivia
22%
Argentina 2.63% 175196 Comodoro Rivadavia
21%
Chile 1.57% 645909 Puente Alto
21%
Brazil 4.04% 391772 Anapolis
20%
Peru 2.08% 235200 Ayacucho
20%
Peru 2.26% 223900 Cajamarca
20%
Chile 2.78% 249656 La Serena
20%
Brazil 4.17% 823302 Nova Iguacu
20%
Uruguay 2.58% 9277 Punta del Este
20%
Argentina 2.67% 95796 Rio Gallegos
20%
Brazil 4.85% 517451 Caxias do Sul
19%
Chile 13.69% 218515 Los Angeles
19%
Guyana 4.22% 15373 New Amsterdam
19%
Colombia 2.79% 392589 Pasto
19%
Brazil 6.25% 1091737 Sao Goncalo
19%
Colombia 2.79% 304764 Armenia
18%
Argentina 1.87% 222100 Catamarca
18%
Chile 1.44% 256735 Coquimbo
18%
Easter Island 1.99% 3304 Hanga Roa
18%
Colombia 2.18% 541101 Ibague
18%
Argentina 2.52% 178872 La Rioja
18%
Brazil 4.25% 430157 Maringa
18%
Peru 2.23% 48900 Nazca
18%
Brazil 5.89% 515317 Niteroi
18%
Brazil 4.76% 699944 Osasco
18%
Colombia 2.25% 477027 Pereira
18%
Argentina 2.35% 305874 Posadas
18%
Argentina 2.42% 290723 Resistencia
18%
Brazil 5.48% 711825 Ribeirao Preto
18%
Venezuela 2.46% 284600 San Cristobal
18%
Ecuador 0.42% 270875 Santo Domingo de los Colorados
18%
Chile 2.94% 302931 Temuco
18%
Brazil 4.38% 573285 Juiz de Fora
17%
Colombia 1.76% 49737 Leticia
17%
Venezuela 1.74% 508200 Maturin
17%
Colombia 1.65% 325477 Popayan
17%
Peru 1.79% 386100 Chimbote
16%
Ecuador 1.18% 154035 Esmeraldas
16%
Brazil 4.37% 619609 Feira de Santana
16%
Ecuador 1.57% 170280 Loja
16%
Ecuador 2.22% 217553 Manta
16%
Brazil 3.73% 393115 Olinda
16%
Uruguay 1.22% 76412 Paysandu
16%
Brazil 5.08% 343132 Pelotas
16%
Uruguay 1.24% 64465 Rivera
16%
Argentina 3.76% 102860 Santa Rosa
16%
Brazil 4.46% 687357 Sorocaba
16%
Chile 1.52% 236724 Talca
16%
Bolivia 1.86% 268387 Tarija
16%
Bolivia 5.87% 130657 Trinidad
16%
Colombia 1.39% 532956 Valledupar
16%
Colombia 1.63% 311827 Buenaventura
15%
Chile 0.28% 1983 Cabo de Hornos
15%
French Guiana 2.25% 25685 Kourou
15%
Peru 1.43% 380000 Pucallpa
15%
Venezuela 0.36% 166400 San Fernando de Apure
15%
Brazil 4.54% 844483 Sao Bernardo do Campo
15%
Colombia 1.64% 665021 Soledad
15%
Bolivia 1.48% 39494 Uyuni
15%
Colombia 1.75% 545302 Villavicencio
15%
Venezuela 1.19% 356800 Barinas
14%
Chile 2.2% 190336 Calama
14%
Brazil 4.61% 224013 Chapeco
14%
Brazil 3.27% 159923 Ilheus
14%
Peru 1.66% 308400 Juliaca
14%
Colombia 1.49% 446160 Manizales
14%
Brazil 4.38% 150658 Porto Seguro
14%
Argentina 1.14% 81315 Puerto Madryn
14%
Chile 9.45% 96761 San Antonio
14%
Argentina 1.67% 56150 San Martin
14%
Brazil 3.15% 527240 Serra
14%
Colombia 1.42% 753548 Soacha
14%
Peru 1.05% 107500 Tumbes
14%
Brazil 3.03% 126866 Uruguaiana
14%
Brazil 3.31% 332333 Cascavel
13%
Chile 2.04% 171766 Copiapo
13%
Venezuela 1.56% 231600 Coro
13%
Brazil 3.03% 217311 Criciuma
13%
Guyana 1.15% 28674 Linden
13%
Brazil 4.71% 721368 Santo Andre
13%
Brazil 3.09% 464983 Sao Jose do Rio Preto
13%
Argentina 1.88% 97915 Trelew
13%
Brazil 3.81% 501325 Vila Velha
13%
Brazil 2.92% 444784 Betim
12%
Venezuela 1.19% 384900 Cumana
12%
Paraguay 1.18% 97900 Encarnacion
12%
Brazil 3.32% 423006 Jundiai
12%
Ecuador 1.28% 231260 Machala
12%
Colombia 1.63% 505334 Monteria
12%
Brazil 3.2% 413487 Montes Claros
12%
Colombia 1.22% 364408 Neiva
12%
Brazil 3.09% 230371 Presidente Prudente
12%
Chile 1.53% 265211 Rancagua
12%
Chile 1.25% 198624 Chillan
11%
Argentina 1.81% 141920 Concordia
11%
Chile 1.46% 173410 Osorno
11%
Brazil 3.04% 355336 Ponta Grossa
11%
Venezuela 1.21% 126500 Porlamar
11%
Argentina 1.07% 41062 Puerto Iguazu
11%
Paraguay 2.47% 258900 San Lorenzo
11%
Brazil 3.11% 254484 Sao Carlos
11%
Brazil 3.19% 368355 Sao Vicente
11%
Argentina 1.29% 52789 Viedma
11%
Ecuador 1.04% 165185 Ambato
10%
Brazil 3.39% 379297 Bauru
10%
Brazil 3.04% 426757 Diadema
10%
Paraguay 0.78% 260200 Luque
10%
Uruguay 1.5% 51830 Melo
10%
Chile 1.49% 334836 San Bernardo
10%
Brazil 2.95% 322750 Guaruja
9%
Ecuador 0.42% 6672 Puerto Baquerizo Moreno
9%
Argentina 2.94% 114743 San Rafael
9%
Argentina 1.32% 157010 Rio Cuarto
8%
Argentina 1.17% 116916 Tandil
8%
Colombia 1.27% 179263 Tunja
8%
Argentina 1.1% 19185 Vera
8%
Paraguay 0.8% 241000 Capiata
7%
South Georgia and the South Sandwich Islands 1.48% 22 King Edward Point
7%
Argentina 1.19% 100037 Rawson
7%
Argentina 3.26% 76070 San Ramon de la Nueva Oran
7%
No matching quizzes found
Score Distribution
Percent of People with Each Score
Percentile by Number Answered
Your Score History
You have not taken this quiz